Catalog

Record Details

Catalog Search



Husitská revoluce , Díl 4.: Epilog bouřlivého věku /  František Šmahel Cover Image Book Book

Husitská revoluce , Díl 4.: Epilog bouřlivého věku /  František Šmahel

Record details

  • ISBN: 80-7184-073-4
  • Physical Description: 550 s.
  • Edition: 2. vyd.
  • Publisher: Praha : Karolinum ,  1996

Available copies

  • 1 of 1 copy available at Common Catalog SPOK.

Holds

  • 0 current holds with 1 total copy.
Show Only Available Copies
Location Call Number / Copy Notes Barcode Shelving Location Status Due Date
ETS Library 943.70224 424470010080 Volný výběr Available -

LDR 00700nam a2 00253
00140529
003CZ-PrJAB
00520201016095608.0
008020124s1996 xr e |||| |cze
009cz
020 . ‡a80-7184-073-4
035 . ‡a(CONS)3858
035 . ‡aKPS10640
040 . ‡aABG450
041 . ‡acze
08214. ‡a943.70224
100 . ‡72386 ‡aŠmahel, František
245 . ‡aHusitská revoluce , Díl 4.: ‡bEpilog bouřlivého věku /  ‡nFrantišek Šmahel
250 . ‡a2. vyd.
260 . ‡aPraha : ‡bKarolinum ,  ‡c1996
300 . ‡a550 s.
653 . ‡aHusitská revoluce ‡aEpilog bouřlivého věku
8524 . ‡bETS ‡bETS ‡cVolný výběr ‡j943.70224 ‡gA ‡p424470010080
910 . ‡aABG450
999 . ‡a3858 ‡bAUTOGEN ‡c3858 ‡tbiblio
905 . ‡uadmin
901 . ‡a40529 ‡bCZ-PrJAB ‡c40529 ‡tbiblio ‡sets

Additional Resources